[Event "Gradiste op 3rd"]
[Site "Gradiste"]
[Date "2023.08.09"]
[Round "6"]
[White "Radlovacki, Jovan"]
[Black "Drmic, Bozo"]
[Result "1-0"]
[WhiteElo "2262"]
[BlackElo "1997"]
[PlyCount "77"]
[EventDate "2023.08.06"]
[EventType "swiss"]
[EventRounds "9"]
[EventCountry "CRO"]
[SourceTitle "EXT 2024"]
[Source "ChessBase"]
[SourceDate "2023.10.10"]
[SourceVersion "1"]
[SourceVersionDate "2023.10.10"]
[SourceQuality "1"]

1. e4 d6 2. d4 Nd7 3. Nc3 Ngf6 4. Bc4 e5 5. Nf3 h6 6. a4 Be7 7. Ba2 c6 8. 0-0 a5 9. Re1 Qc7 10. Nh4 g6 11. Be3 Kf8 12. d5 c5 13. g3 Kg7 14. f4 Nh7 15. Nf3 Bf6 16. Qd2 Nhf8 17. Nb5 Qb6 18. c3 h5 19. Rf1 h4 20. Qf2 hxg3 21. hxg3 Nh7 22. Bc4 Re8 23. Rae1 Ra6 24. Na3 Ra7 25. Bb5 Re7 26. Nc4 Qc7 27. Bxd7 Qxd7 28. fxe5 dxe5 29. Bxc5 Ra6 30. Bxe7 Qxe7 31. Kg2 Bg4 32. Nfxe5 Bc8 33. Nf3 Qe8 34. e5 Be7 35. Qd4 Kg8 36. Rh1 Qxa4 37. d6 Bd8 38. e6 Bf6 39. d7 1-0

[Event "Brcko 1st"]
[Site "Brcko"]
[Date "2023.07.02"]
[Round "7"]
[White "Mikanovic, Sandro"]
[Black "Radlovacki, Jovan"]
[Result "1/2-1/2"]
[WhiteElo "2307"]
[BlackElo "2277"]
[PlyCount "107"]
[EventDate "2023.06.28"]
[EventType "tourn"]
[EventRounds "9"]
[EventCountry "BIH"]
[SourceTitle "EXT 2024"]
[Source "ChessBase"]
[SourceDate "2023.10.10"]
[SourceVersion "1"]
[SourceVersionDate "2023.10.10"]
[SourceQuality "1"]

1. d4 Nf6 2. c4 e6 3. Nc3 Bb4 4. e3 0-0 5. Nf3 d6 6. Qc2 Qe7 7. a3 Bxc3+ 8. Qxc3 Nbd7 9. b4 e5 10. Bb2 Re8 11. dxe5 Nxe5 12. Nxe5 dxe5 13. Be2 Bf5 14. 0-0 Rad8 15. Rad1 Rxd1 16. Rxd1 c5 17. Qd2 Nd7 18. Bf3 Nb6 19. Be2 Na4 20. Ba1 f6 21. Bf3 Nb6 22. Be2 Be6 23. Qc3 Rc8 24. b5 Qf7 25. Rc1 Rd8 26. h3 Nc8 27. a4 Nd6 28. Rd1 b6 29. a5 Kf8 30. axb6 axb6 31. Qc2 Ke7 32. Qa4 Nxc4 33. Rxd8 Kxd8 34. Qa8+ Ke7 35. Bxc4 Bxc4 36. Qb7+ Kf8 37. Qxb6 Qd5 38. Qb8+ Kf7 39. b6 Bf1 40. e4 Qxe4 41. Kxf1 Qb1+ 42. Ke2 Qc2+ 43. Ke3 Qb3+ 44. Ke4 Qc4+ 45. Ke3 Qb3+ 46. Kd2 Qd5+ 47. Kc1 Qc4+ 48. Kb1 Qd3+ 49. Kc1 Qc4+ 50. Kd2 Qa2+ 51. Kd3 Qd5+ 52. Ke2 Qa2+ 53. Ke3 Qb3+ 54. Ke2 1/2-1/2

[Event "Brcko Velemajstor CC 1st"]
[Site "Brcko"]
[Date "2023.03.29"]
[Round "6"]
[White "Seslija, Zoran"]
[Black "Radlovacki, Jovan"]
[Result "1/2-1/2"]
[WhiteElo "2166"]
[BlackElo "2292"]
[PlyCount "34"]
[EventDate "2023.03.26"]
[EventType "tourn"]
[EventRounds "9"]
[EventCountry "BIH"]
[SourceTitle "CBM 213 Extra"]
[Source "ChessBase"]
[SourceDate "2023.05.31"]
[SourceVersion "1"]
[SourceVersionDate "2023.05.31"]
[SourceQuality "1"]

1. d4 d5 2. Nf3 Nf6 3. g3 c6 4. Bg2 Bf5 5. 0-0 e6 6. Bf4 h6 7. Nbd2 Bd6 8. Bxd6 Qxd6 9. c4 0-0 10. Qb3 Nbd7 11. Rfe1 b6 12. Rac1 Rfc8 13. h3 a5 14. a4 Rab8 15. e3 Bg6 16. cxd5 cxd5 17. Bf1 Rc7 1/2-1/2